|
|
|
|
| LEADER |
02809nam a22005895i 4500 |
| 001 |
978-3-319-08416-9 |
| 003 |
DE-He213 |
| 005 |
20151030081308.0 |
| 007 |
cr nn 008mamaa |
| 008 |
140705s2014 gw | s |||| 0|eng d |
| 020 |
|
|
|a 9783319084169
|9 978-3-319-08416-9
|
| 024 |
7 |
|
|a 10.1007/978-3-319-08416-9
|2 doi
|
| 040 |
|
|
|d GrThAP
|
| 050 |
|
4 |
|a R858-R859.7
|
| 072 |
|
7 |
|a UBH
|2 bicssc
|
| 072 |
|
7 |
|a MED000000
|2 bisacsh
|
| 082 |
0 |
4 |
|a 502.85
|2 23
|
| 245 |
1 |
0 |
|a Smart Health
|h [electronic resource] :
|b International Conference, ICSH 2014, Beijing, China, July 10-11, 2014. Proceedings /
|c edited by Xiaolong Zheng, Daniel Zeng, Hsinchun Chen, Yong Zhang, Chunxiao Xing, Daniel B. Neill.
|
| 264 |
|
1 |
|a Cham :
|b Springer International Publishing :
|b Imprint: Springer,
|c 2014.
|
| 300 |
|
|
|a XIV, 233 p. 58 illus.
|b online resource.
|
| 336 |
|
|
|a text
|b txt
|2 rdacontent
|
| 337 |
|
|
|a computer
|b c
|2 rdamedia
|
| 338 |
|
|
|a online resource
|b cr
|2 rdacarrier
|
| 347 |
|
|
|a text file
|b PDF
|2 rda
|
| 490 |
1 |
|
|a Lecture Notes in Computer Science,
|x 0302-9743 ;
|v 8549
|
| 505 |
0 |
|
|a Information sharing, integrating and extraction -- Health data analysis and management -- Clinical and medical data mining.- Clinical practice and medical monitoring.
|
| 520 |
|
|
|a This book constitutes the refereed proceedings of the International Conference for Smart Health, ICSH 2014, held in Beijing, China, in July 2014. The 21 papers presented together with 4 extended abstracts were carefully reviewed and selected from numerous submissions. The papers are organized in topical sections on information sharing, integrating and extraction; health data analysis and management; clinical and medical data mining; and clinical practice and medical monitoring.
|
| 650 |
|
0 |
|a Computer science.
|
| 650 |
|
0 |
|a Health informatics.
|
| 650 |
|
0 |
|a Database management.
|
| 650 |
|
0 |
|a Data mining.
|
| 650 |
|
0 |
|a Information storage and retrieval.
|
| 650 |
1 |
4 |
|a Computer Science.
|
| 650 |
2 |
4 |
|a Health Informatics.
|
| 650 |
2 |
4 |
|a Database Management.
|
| 650 |
2 |
4 |
|a Information Systems Applications (incl. Internet).
|
| 650 |
2 |
4 |
|a Data Mining and Knowledge Discovery.
|
| 650 |
2 |
4 |
|a Information Storage and Retrieval.
|
| 700 |
1 |
|
|a Zheng, Xiaolong.
|e editor.
|
| 700 |
1 |
|
|a Zeng, Daniel.
|e editor.
|
| 700 |
1 |
|
|a Chen, Hsinchun.
|e editor.
|
| 700 |
1 |
|
|a Zhang, Yong.
|e editor.
|
| 700 |
1 |
|
|a Xing, Chunxiao.
|e editor.
|
| 700 |
1 |
|
|a Neill, Daniel B.
|e editor.
|
| 710 |
2 |
|
|a SpringerLink (Online service)
|
| 773 |
0 |
|
|t Springer eBooks
|
| 776 |
0 |
8 |
|i Printed edition:
|z 9783319084152
|
| 830 |
|
0 |
|a Lecture Notes in Computer Science,
|x 0302-9743 ;
|v 8549
|
| 856 |
4 |
0 |
|u http://dx.doi.org/10.1007/978-3-319-08416-9
|z Full Text via HEAL-Link
|
| 912 |
|
|
|a ZDB-2-SCS
|
| 912 |
|
|
|a ZDB-2-LNC
|
| 950 |
|
|
|a Computer Science (Springer-11645)
|